[Event "L Festival A"]
[Site "Imperia ITA"]
[Date "2008.09.05"]
[Round "7"]
[White "Faraci, Antonino"]
[Black "Ornati, Gianmaria"]
[WhiteElo "2034"]
[BlackElo "1927"]
[Result "1/2-1/2"]
[PlyCount "95"]
[EventDate "2008.08.31"]

1. e4 c5 2. Nf3 d6 3. d4 cxd4 4. Nxd4 Nf6 5. Nc3 a6 6. a4 b6 7. Bd3 e6 8. O-O
Be7 9. f4 Qc7 10. Be3 Bb7 11. Qe2 O-O 12. f5 e5 13. Nb3 Nbd7 14. Rf3 Rfd8 15.
Rh3 Nf8 16. Rf1 d5 17. exd5 Nxd5 18. Nxd5 Rxd5 19. Qg4 Bf6 20. Bh6 Rd6 21. Bxg7
Bxg7 22. f6 Rxf6 23. Rxf6 Bc8 24. Bf5 Bxf5 25. Rxf5 Qxc2 26. Rg3 Ng6 27. h4 Rd8
28. Rf1 Rd3 29. Qf5 Nf4 30. Rxd3 Qxd3 31. Rxf4 Qe3+ 32. Rf2 Qxb3 33. Rf3 Qc4
34. Rc3 Qd4+ 35. Qf2 Qd1+ 36. Kh2 Qg4 37. Qg3 Qf5 38. Rd3 h6 39. Qf3 Qe6 40.
Qe4 Qf6 41. Rc3 Qd8 42. g3 Qd2+ 43. Kh3 Qd7+ 44. g4 h5 45. Qf5 hxg4+ 46. Qxg4
f5 47. Qc4+ Kh7 48. Rd3 1/2-1/2

[Event "L Festival A"]
[Site "Imperia ITA"]
[Date "2008.09.05"]
[Round "7"]
[White "Feistenauer, Harald"]
[Black "Del Dotto, Riccardo"]
[WhiteElo "2107"]
[BlackElo "2171"]
[Result "0-1"]
[PlyCount "82"]
[EventDate "2008.08.31"]

1. c4 e5 2. Nc3 Nf6 3. g3 Nc6 4. Bg2 Bc5 5. d3 h6 6. a3 a6 7. e3 d6 8. Nge2 Ba7
9. O-O O-O 10. b4 Rb8 11. Rb1 Bd7 12. Qb3 Qc8 13. Re1 Bh3 14. Nd1 Nh7 15. f3
Ng5 16. Nf2 Bxg2 17. Kxg2 Qf5 18. Ng1 Qg6 19. Bd2 Ne6 20. b5 axb5 21. cxb5 Ne7
22. a4 d5 23. Ne2 Rfd8 24. a5 Bc5 25. Ng4 e4 26. Ne5 Qh5 27. d4 Bd6 28. fxe4
Bxe5 29. dxe5 dxe4 30. Bc1 Qf3+ 31. Kg1 Ng5 32. h4 Nh3+ 33. Kh2 Qf2+ 34. Kxh3
Qxe1 35. Nd4 Qh1+ 36. Kg4 Ng6 37. Ba3 Nxe5+ 38. Kf4 Qf3+ 39. Kxe5 Qxg3+ 40.
Kxe4 Re8+ 41. Kd5 Rbd8+ 0-1

[Event "L Festival A"]
[Site "Imperia ITA"]
[Date "2008.09.05"]
[Round "7"]
[White "Havlikova, Kristyna"]
[Black "Stoppa, Omar"]
[WhiteElo "2135"]
[BlackElo "2230"]
[Result "1-0"]
[PlyCount "79"]
[EventDate "2008.08.31"]

1. e4 e5 2. Nf3 Nc6 3. Bb5 Nge7 4. O-O g6 5. c3 Bg7 6. d4 exd4 7. cxd4 a6 8.
Ba4 b5 9. Bb3 h6 10. Nc3 d6 11. Be3 Na5 12. h3 O-O 13. a3 Nxb3 14. Qxb3 Kh7 15.
Rfe1 f5 16. d5 c5 17. dxc6 Nxc6 18. Rad1 fxe4 19. Nxe4 Rxf3 20. gxf3 Ne5 21.
Bd4 Be6 22. Qxe6 Nxf3+ 23. Kf1 Nxd4 24. Qxd6 Qh8 25. Rd3 Nf5 26. Qd7 Qf8 27.
Ng3 Nxg3+ 28. Rxg3 Rd8 29. Qe6 Rd6 30. Qe7 Qxe7 31. Rxe7 Rd2 32. Rc3 Rd8 33.
Rcc7 Rg8 34. Ra7 h5 35. Rxa6 Kh6 36. b4 Bd4 37. Rd6 Bg7 38. Rb6 Rc8 39. Rxb5
Rc2 40. a4 1-0

[Event "L Festival A"]
[Site "Imperia ITA"]
[Date "2008.09.05"]
[Round "7"]
[White "Hodova, Lucie"]
[Black "Cugini, Verter"]
[WhiteElo "2075"]
[BlackElo "2167"]
[Result "0-1"]
[PlyCount "56"]
[EventDate "2008.08.31"]

1. e4 e6 2. d4 d5 3. e5 c5 4. c3 Nc6 5. Nf3 Qb6 6. Be2 cxd4 7. cxd4 Nge7 8. Na3
Nf5 9. Nc2 Bb4+ 10. Kf1 Be7 11. h4 h5 12. g3 Bd7 13. Kg2 g6 14. b3 a5 15. Bb2
Nb4 16. a4 Rc8 17. Nxb4 Bxb4 18. Qd3 O-O 19. g4 hxg4 20. Ng5 f6 21. exf6 Rxf6
22. Bxg4 Qd6 23. Bxf5 Rxf5 24. Rh3 Qf4 25. Rf1 Bd6 26. Qe3 Rc2 27. Bc1 Qg4+ 28.
Kh1 Bf4 0-1

[Event "L Festival A"]
[Site "Imperia ITA"]
[Date "2008.09.05"]
[Round "7"]
[White "Jirovsky, Milos"]
[Black "Arlandi, Ennio"]
[WhiteElo "2492"]
[BlackElo "2436"]
[Result "1-0"]
[PlyCount "81"]
[EventDate "2008.08.31"]

1. Nf3 Nf6 2. c4 g6 3. g3 Bg7 4. Bg2 c6 5. d4 O-O 6. O-O d5 7. Nbd2 Bf5 8. b3
Ne4 9. Bb2 Nd7 10. e3 Nxd2 11. Qxd2 Be4 12. Rac1 Re8 13. Rfd1 Bf8 14. Qe2 e6
15. Bf1 Bxf3 16. Qxf3 Nf6 17. Bd3 a6 18. Rc2 Rc8 19. Kg2 Rc7 20. g4 h6 21. h3
Rd7 22. Qe2 Bg7 23. f4 Qe7 24. Qf3 Red8 25. c5 Kh8 26. Bc3 Rg8 27. Rg1 Ne8 28.
Kf1 Bf6 29. Rcg2 Qd8 30. Ke2 Be7 31. h4 Kg7 32. h5 g5 33. Rf1 Bf6 34. Rgf2 Kf8
35. Kd1 Ke7 36. f5 Qc7 37. fxe6 fxe6 38. Bg6 Rf8 39. e4 Bg7 40. Qxf8+ Bxf8 41.
Rxf8 1-0

[Event "L Festival A"]
[Site "Imperia ITA"]
[Date "2008.09.05"]
[Round "7"]
[White "Lazarev, Vladimir"]
[Black "Di Paolo, Raffaele"]
[WhiteElo "2482"]
[BlackElo "2367"]
[Result "1-0"]
[PlyCount "83"]
[EventDate "2008.08.31"]

1. d4 d5 2. c4 e6 3. Nf3 Nf6 4. g3 Be7 5. Bg2 O-O 6. Qc2 dxc4 7. Nbd2 a6 8. a4
Bd7 9. Ne5 Nc6 10. Qxc4 Nxe5 11. dxe5 Nd5 12. O-O b5 13. Qg4 g6 14. axb5 h5 15.
Qf3 axb5 16. Rxa8 Qxa8 17. Ne4 Qa4 18. Bh6 Qd4 19. Bxf8 Kxf8 20. Nc3 c6 21.
Nxd5 exd5 22. Qc3 Qxc3 23. bxc3 Ba3 24. Rb1 Bf5 25. Rb3 Bc1 26. e4 dxe4 27. c4
Be6 28. Rb1 Bd2 29. cxb5 cxb5 30. Rxb5 e3 31. Bf3 Kg7 32. fxe3 Bxe3+ 33. Kg2
Bd4 34. Bd5 Bxd5+ 35. Rxd5 Bc3 36. Kf3 Bb2 37. Rb5 Bc3 38. Ke4 Kf8 39. Kd5 Kg7
40. Kd6 Bd4 41. Ke7 Kg8 42. Kf6 1-0

[Event "L Festival A"]
[Site "Imperia ITA"]
[Date "2008.09.05"]
[Round "7"]
[White "Pascual Genoves, Marc"]
[Black "Pesce, Gabriele"]
[WhiteElo "2232"]
[BlackElo "2102"]
[Result "1/2-1/2"]
[PlyCount "68"]
[EventDate "2008.08.31"]

1. e4 c5 2. Nf3 Nc6 3. Bb5 g6 4. Bxc6 dxc6 5. h3 e5 6. d3 f6 7. Be3 Nh6 8. Qd2
Nf7 9. Qc3 Qd6 10. Nbd2 Nd8 11. Nc4 Qc7 12. a3 a5 13. a4 b6 14. Qb3 Rb8 15. c3
Be6 16. Qc2 Bxc4 17. dxc4 Ne6 18. O-O Bd6 19. Ne1 O-O 20. Nd3 Nf4 21. Kh2 f5
22. f3 Nxd3 23. Qxd3 f4 24. Bf2 Be7 25. Rfd1 Rbd8 26. Qe2 Rxd1 27. Rxd1 Rd8 28.
Kg1 Rxd1+ 29. Qxd1 Qd6 30. Qxd6 Bxd6 31. Bh4 Bc7 32. Kf1 Kf7 33. Ke2 h6 34. Kd3
Ke6 1/2-1/2

[Event "L Festival A"]
[Site "Imperia ITA"]
[Date "2008.09.05"]
[Round "7"]
[White "Stella, Andrea"]
[Black "Vrana, Frantisek"]
[WhiteElo "2209"]
[BlackElo "2310"]
[Result "1-0"]
[PlyCount "33"]
[EventDate "2008.08.31"]

1. d4 f5 2. g3 Nf6 3. Bg2 g6 4. c3 Bg7 5. Qb3 c6 6. Nd2 Na6 7. Nh3 Nc7 8. Nf4
d6 9. Nc4 Nfd5 10. h4 e5 11. Nxd5 Nxd5 12. Bxd5 exd4 13. Bf4 dxc3 14. Bf7+ Ke7
15. Bxd6+ Qxd6 16. Nxd6 Kxd6 17. Qb4+ 1-0

[Event "L Festival A"]
[Site "Imperia ITA"]
[Date "2008.09.05"]
[Round "7"]
[White "Sulava, Nenad"]
[Black "Biolek, Richard sr"]
[WhiteElo "2492"]
[BlackElo "2434"]
[Result "1/2-1/2"]
[PlyCount "43"]
[EventDate "2008.08.31"]

1. d4 d6 2. e4 Nf6 3. Nc3 g6 4. Nf3 Bg7 5. Be3 c6 6. Qd2 Qa5 7. Bd3 Nbd7 8. O-O
O-O 9. h3 e5 10. a3 Qc7 11. Rad1 Re8 12. Rfe1 Nf8 13. Bc4 exd4 14. Bxd4 Be6 15.
Bf1 Rad8 16. Qf4 N8d7 17. g4 Qb8 18. Qg3 h6 19. Be3 Ne5 20. Nd4 g5 21. Bg2 Nh7
22. Nf5 1/2-1/2

[Event "L Festival A"]
[Site "Imperia ITA"]
[Date "2008.09.05"]
[Round "7"]
[White "Van der Plas, Robert"]
[Black "Pomaro, Alberto"]
[WhiteElo "2163"]
[BlackElo "2246"]
[Result "0-1"]
[PlyCount "104"]
[EventDate "2008.08.31"]

1. d4 Nf6 2. c4 g6 3. Nc3 Bg7 4. e4 d6 5. f4 O-O 6. Nf3 c5 7. d5 e6 8. Be2 exd5
9. cxd5 Re8 10. e5 dxe5 11. fxe5 Ng4 12. Bg5 Qb6 13. O-O Nxe5 14. d6 Nxf3+ 15.
Bxf3 Bd4+ 16. Kh1 Qxd6 17. Bd5 Re6 18. Qf3 Qf8 19. Nb5 Nc6 20. Nc7 Ne5 21. Qf4
Qd6 22. Bxe6 Qxc7 23. Bb3 Bf5 24. Rad1 Qd7 25. Rfe1 Ng4 26. Re7 Qxe7 27. Bxe7
Nf2+ 28. Qxf2 Bxf2 29. Bf6 Re8 30. Bc3 Bd4 31. Bxd4 cxd4 32. g4 Bxg4 33. Rxd4
Re1+ 34. Kg2 Be6 35. Bxe6 Rxe6 36. Kf3 Re7 37. b4 Kg7 38. b5 f6 39. a4 Kf7 40.
Rd8 Ke6 41. a5 Kf5 42. Rb8 g5 43. a6 bxa6 44. bxa6 g4+ 45. Kf2 Re6 46. Rb5+ Kf4
47. Rb4+ Kg5 48. Kg3 Re3+ 49. Kg2 Ra3 50. Rb7 Rxa6 51. Rxh7 Kf4 52. h4 Ra2+ 0-1

[Event "L Festival A"]
[Site "Imperia ITA"]
[Date "2008.09.06"]
[Round "8"]
[White "Ammerlaan, Richard"]
[Black "Biolek, Richard jr"]
[WhiteElo "2125"]
[BlackElo "2354"]
[Result "0-1"]
[PlyCount "48"]
[EventDate "2008.08.31"]

1. e4 Nc6 2. Nf3 e5 3. d4 exd4 4. Nxd4 Nf6 5. Nxc6 bxc6 6. e5 Qe7 7. Qe2 Nd5 8.
c4 Ba6 9. b3 g5 10. h4 Bg7 11. Bb2 O-O-O 12. Nd2 Nb4 13. O-O-O Nxa2+ 14. Kb1
Nb4 15. Qe3 Bb7 16. hxg5 c5 17. Ne4 d6 18. Nf6 dxe5 19. Rxd8+ Rxd8 20. Bxe5
Bxf6 21. gxf6 Rd1+ 22. Kb2 Qd7 23. Bc3 Bc6 24. Qf4 Rxf1 0-1

[Event "L Festival A"]
[Site "Imperia ITA"]
[Date "2008.09.06"]
[Round "8"]
[White "Bozzali, Ermanno"]
[Black "Pascual Genoves, Marc"]
[WhiteElo "2148"]
[BlackElo "2232"]
[Result "1/2-1/2"]
[PlyCount "35"]
[EventDate "2008.08.31"]

1. e4 g6 2. d4 Bg7 3. c3 d6 4. Nf3 Nf6 5. Bd3 O-O 6. O-O c5 7. Re1 Bg4 8. Nbd2
Nc6 9. h3 Bxf3 10. Nxf3 cxd4 11. cxd4 Nd7 12. Bc4 Qb6 13. d5 Nce5 14. Nxe5 Nxe5
15. Bb3 Rac8 16. Bg5 Rc7 17. Qe2 Rfc8 18. Rac1 1/2-1/2

[Event "L Festival A"]
[Site "Imperia ITA"]
[Date "2008.09.06"]
[Round "8"]
[White "Cugini, Verter"]
[Black "Payen, Arnaud"]
[WhiteElo "2167"]
[BlackElo "2372"]
[Result "1-0"]
[PlyCount "151"]
[EventDate "2008.08.31"]

1. e4 e6 2. d4 c5 3. c3 b6 4. g3 Bb7 5. Bg2 Nf6 6. d5 exd5 7. exd5 d6 8. Ne2
Be7 9. O-O O-O 10. c4 Ba6 11. Na3 Bb7 12. Nc3 Nbd7 13. Bf4 a6 14. Re1 Re8 15.
Nc2 Nf8 16. g4 Ng6 17. Bg3 Nd7 18. f4 b5 19. cxb5 axb5 20. Nxb5 Qb6 21. a4 Ba6
22. Nca3 Bxb5 23. Nxb5 Bf6 24. Rxe8+ Rxe8 25. Qd2 Bh4 26. Bf1 c4+ 27. Qf2 Re3
28. Ra3 Rxa3 29. Nxa3 c3 30. bxc3 Qb3 31. Nb5 Bd8 32. Qe1 Bb6+ 33. Bf2 Bxf2+
34. Qxf2 Qxa4 35. c4 Qb4 36. Qa7 Ndf8 37. Qe3 h6 38. Nd4 Nh4 39. Nc6 Qb2 40.
Qf2 Qf6 41. h3 Nd7 42. Bg2 Ng6 43. f5 Nge5 44. Qd4 Qg5 45. Nxe5 Nxe5 46. Qc3
Nd7 47. Kf2 Qf4+ 48. Kg1 Kf8 49. Bf1 h5 50. Be2 hxg4 51. hxg4 Ne5 52. c5 Nxg4
53. Bxg4 Qxg4+ 54. Kh2 Qxf5 55. c6 Qxd5 56. c7 Qh5+ 57. Kg3 Qg5+ 58. Kh2 Qh4+
59. Kg1 Qg4+ 60. Kh2 Qc8 61. Qc6 Ke7 62. Kg3 g5 63. Kf3 f5 64. Ke3 f4+ 65. Ke4
Qe6+ 66. Kd4 Qe3+ 67. Kc4 Qe6+ 68. Kb5 Qb3+ 69. Ka6 Qa2+ 70. Kb7 Qb3+ 71. Ka7
Qa2+ 72. Kb8 Qb3+ 73. Qb7 Qxb7+ 74. Kxb7 g4 75. c8=Q g3 76. Qg4 1-0

[Event "L Festival A"]
[Site "Imperia ITA"]
[Date "2008.09.06"]
[Round "8"]
[White "Egartner, Wolfgang"]
[Black "Hodova, Lucie"]
[WhiteElo "2141"]
[BlackElo "2075"]
[Result "1/2-1/2"]
[PlyCount "58"]
[EventDate "2008.08.31"]

1. d4 d5 2. c4 e6 3. Nf3 Nf6 4. g3 Be7 5. Bg2 O-O 6. O-O dxc4 7. Qc2 a6 8. a4
Bd7 9. Qxc4 Bc6 10. Bg5 Bd5 11. Qd3 c5 12. Nc3 Bc6 13. Bxf6 Bxf6 14. dxc5 Qa5
15. Rfc1 Nd7 16. e4 Nxc5 17. Qc4 Bxc3 18. Rxc3 Nxe4 19. b4 Qb6 20. Re3 Bd5 21.
Qd4 Qxd4 22. Nxd4 Nf6 23. Rc3 Bxg2 24. Kxg2 Nd5 25. Rc4 Rac8 26. Rac1 Rxc4 27.
Rxc4 g6 28. a5 h5 29. h4 Kg7 1/2-1/2

[Event "L Festival A"]
[Site "Imperia ITA"]
[Date "2008.09.06"]
[Round "8"]
[White "Jurek, Josef"]
[Black "Ahner, Thomas"]
[WhiteElo "2368"]
[BlackElo "2144"]
[Result "1-0"]
[PlyCount "55"]
[EventDate "2008.08.31"]

1. Nf3 Nf6 2. c4 e6 3. g3 d5 4. Bg2 Be7 5. O-O O-O 6. d4 dxc4 7. Qc2 a6 8. Qxc4
b5 9. Qc2 Bb7 10. Bd2 Be4 11. Qc1 Bb7 12. Rd1 Nbd7 13. Ba5 Rc8 14. Nbd2 Qe8 15.
b4 Bd5 16. Qc2 Nb8 17. e4 Qc6 18. Qxc6 Bxc6 19. Ne5 Rfd8 20. Rac1 Rd6 21. Nxc6
Rxc6 22. a3 Ne8 23. e5 Rxc1 24. Rxc1 c6 25. d5 exd5 26. Bh3 Rc7 27. Bxc7 Nxc7
28. Nb3 1-0

[Event "L Festival A"]
[Site "Imperia ITA"]
[Date "2008.09.06"]
[Round "8"]
[White "Lacrosse, Marc"]
[Black "Di Paolo, Raffaele"]
[WhiteElo "2202"]
[BlackElo "2367"]
[Result "0-1"]
[PlyCount "84"]
[EventDate "2008.08.31"]

1. d4 d5 2. c4 e6 3. g3 Nf6 4. Nf3 Be7 5. Bg2 O-O 6. O-O dxc4 7. Qc2 a6 8. Qxc4
b5 9. Qc2 Bb7 10. Bg5 Ra7 11. Nbd2 Nc6 12. Nb3 Nb4 13. Qd1 Bd5 14. a3 Nc6 15.
Rc1 h6 16. Bxf6 Bxf6 17. e3 Ne7 18. Re1 Ng6 19. Nc5 Ba8 20. e4 e5 21. dxe5 Nxe5
22. Nxe5 Bxe5 23. Rc2 Qe7 24. Qd7 Re8 25. Qxe7 Rxe7 26. Rd1 Bd6 27. f4 f6 28.
Kf2 a5 29. Re1 g5 30. Nd3 gxf4 31. gxf4 Re8 32. e5 fxe5 33. Bxa8 Raxa8 34. fxe5
Be7 35. Rxc7 Bh4+ 36. Kf1 Bxe1 37. Kxe1 Rac8 38. Rb7 Rcd8 39. Ke2 Rd5 40. Rc7
Red8 41. Rc3 Rd4 42. Ke3 Rc4 0-1

[Event "L Festival A"]
[Site "Imperia ITA"]
[Date "2008.09.06"]
[Round "8"]
[White "Lazarev, Vladimir"]
[Black "Salvador, Roland"]
[WhiteElo "2482"]
[BlackElo "2443"]
[Result "1/2-1/2"]
[PlyCount "52"]
[EventDate "2008.08.31"]

1. d4 Nf6 2. c4 c6 3. Nf3 d5 4. e3 Bf5 5. Nc3 e6 6. Nh4 Be4 7. f3 Bg6 8. Qb3
Qc7 9. Bd2 Be7 10. cxd5 Nxd5 11. Nxg6 hxg6 12. O-O-O Nd7 13. Kb1 Nxc3+ 14. Bxc3
Nb6 15. h3 O-O-O 16. e4 Rd7 17. a4 Kb8 18. a5 Nc8 19. d5 exd5 20. exd5 Bf6 21.
Bxf6 gxf6 22. dxc6 Rxd1+ 23. Qxd1 Qxc6 24. Qb3 Rh4 25. a6 Nd6 26. axb7 Qxb7
1/2-1/2

[Event "L Festival A"]
[Site "Imperia ITA"]
[Date "2008.09.06"]
[Round "8"]
[White "Luciani, Carlo"]
[Black "Barlocco, Carlo"]
[WhiteElo "2239"]
[BlackElo "2150"]
[Result "0-1"]
[PlyCount "98"]
[EventDate "2008.08.31"]

1. e4 Nc6 2. Nf3 d5 3. exd5 Qxd5 4. Nc3 Qa5 5. d4 Bg4 6. Bb5 O-O-O 7. Bxc6 bxc6
8. Qd3 c5 9. Bf4 cxd4 10. O-O-O Bxf3 11. gxf3 Nf6 12. Rhe1 e6 13. Re5 c5 14.
Ne4 Nd5 15. Bg3 g6 16. Bh4 Rd7 17. Bf6 Nxf6 18. Nxf6 Rb7 19. Qxd4 Bh6+ 20. Kb1
Qxa2+ 21. Kxa2 cxd4 22. Rxd4 Rc7 23. Ne4 Rd8 24. Rxd8+ Kxd8 25. c3 Bf4 26. Rb5
Bxh2 27. Nc5 h5 28. Ne4 Ke7 29. Kb3 f6 30. c4 h4 31. Ra5 Be5 32. Nc3 h3 33. Ra1
h2 34. Rh1 Rd7 35. Kc2 Rd4 36. b3 Bf4 37. Ne4 f5 38. Kc3 Be5 39. Ng3 Rd1+ 40.
Kc2 Rxh1 41. Nxh1 a5 42. Kd3 Kd6 43. f4 Bxf4 44. f3 Kc5 45. Nf2 g5 46. Ke2 Kb4
47. Kf1 Kxb3 48. c5 Kc4 49. c6 Kb5 0-1

[Event "L Festival A"]
[Site "Imperia ITA"]
[Date "2008.09.06"]
[Round "8"]
[White "Mela, Riccardo"]
[Black "Berg, Victor"]
[WhiteElo "2033"]
[BlackElo "2104"]
[Result "1/2-1/2"]
[PlyCount "52"]
[EventDate "2008.08.31"]

1. e4 c6 2. d4 d5 3. Nc3 dxe4 4. Nxe4 Nf6 5. Nc3 Bg4 6. Be2 Bxe2 7. Ngxe2 g6 8.
O-O Bg7 9. Bf4 O-O 10. Qd2 Re8 11. Rad1 Qa5 12. a3 Nbd7 13. Nc1 Qf5 14. Rfe1
Rac8 15. Nd3 Nd5 16. Nxd5 cxd5 17. c3 Rc6 18. Ne5 Nxe5 19. Bxe5 Bf8 20. Bf4 Rf6
21. Bg5 Re6 22. Rxe6 Qxe6 23. Re1 Qf5 24. h4 h5 25. Re5 Qb1+ 26. Re1 Qf5
1/2-1/2

[Event "L Festival A"]
[Site "Imperia ITA"]
[Date "2008.09.06"]
[Round "8"]
[White "Morselli, Stefano"]
[Black "Faraci, Antonino"]
[WhiteElo "1858"]
[BlackElo "2034"]
[Result "0-1"]
[PlyCount "74"]
[EventDate "2008.08.31"]

1. Nf3 c5 2. g3 Nc6 3. Bg2 e5 4. d3 d6 5. O-O Be7 6. e4 Bg4 7. h3 Be6 8. Be3
Qd7 9. Kh2 h5 10. Qd2 Nh6 11. Nc3 O-O-O 12. Nd5 f6 13. c3 Ng4+ 14. Kg1 Nxe3 15.
Qxe3 Bxh3 16. b4 Bf8 17. d4 h4 18. Nxh4 exd4 19. cxd4 Nxd4 20. Rfc1 Kb8 21.
Rab1 Bxg2 22. Kxg2 g5 23. bxc5 dxc5 24. Nxf6 Qg7 25. e5 gxh4 26. Qe4 b6 27. a4
Qb7 28. a5 Qxe4+ 29. Nxe4 h3+ 30. Kh1 Kb7 31. Ng5 Rh5 32. Nf7 Rd7 33. g4 Rh4
34. Nd6+ Bxd6 35. exd6 Kc6 36. axb6 axb6 37. Kh2 Rxg4 0-1

[Event "L Festival A"]
[Site "Imperia ITA"]
[Date "2008.09.06"]
[Round "8"]
[White "Mozny, Milos"]
[Black "Petrov, Marijan"]
[WhiteElo "2361"]
[BlackElo "2490"]
[Result "1-0"]
[PlyCount "67"]
[EventDate "2008.08.31"]

1. d4 c5 2. c3 Nf6 3. Nf3 e6 4. Bf4 b6 5. Nbd2 Bb7 6. e3 Be7 7. Bd3 O-O 8. O-O
Nh5 9. Bg3 Nxg3 10. hxg3 d6 11. Qe2 Nd7 12. e4 cxd4 13. cxd4 Rc8 14. Rac1 Rc7
15. Nb1 Qc8 16. Nc3 a6 17. Rc2 b5 18. Rfc1 Bd8 19. e5 dxe5 20. dxe5 Qb8 21. a4
b4 22. Nb1 Rxc2 23. Rxc2 a5 24. Nbd2 Bd5 25. Be4 Re8 26. Nc4 Bc7 27. Qd3 b3 28.
Rc3 Nc5 29. Bxh7+ Kh8 30. Qd4 Nxa4 31. Qh4 Bd8 32. Qh5 Nxc3 33. Nd6 Ne2+ 34.
Kh2 1-0

[Event "L Festival A"]
[Site "Imperia ITA"]
[Date "2008.09.06"]
[Round "8"]
[White "Ornati, Gianmaria"]
[Black "Ricca, Giorgio"]
[WhiteElo "1927"]
[BlackElo "2065"]
[Result "0-1"]
[PlyCount "66"]
[EventDate "2008.08.31"]

1. d4 d5 2. c4 dxc4 3. Nc3 e5 4. d5 c6 5. e4 Nf6 6. Bg5 cxd5 7. Bxf6 Qxf6 8.
Qxd5 Nc6 9. Bxc4 Bb4 10. Nge2 O-O 11. O-O Rd8 12. Qb5 a6 13. Qb6 Ba5 14. Qe3
Be6 15. Bd5 Nb4 16. Rad1 Nxd5 17. exd5 Bg4 18. Rd3 Bb6 19. Qg3 Bh5 20. Ne4 Qf5
21. N2c3 Bd4 22. Re1 Rac8 23. Kh1 Bg6 24. Qf3 Qd7 25. h4 f5 26. Ng5 e4 27. Qg3
exd3 28. Ne6 Bxc3 29. bxc3 d2 30. Rd1 Qxd5 31. Nxd8 Rxd8 32. Qe3 f4 33. Qe2 Bc2
0-1

[Event "L Festival A"]
[Site "Imperia ITA"]
[Date "2008.09.06"]
[Round "8"]
[White "Pesce, Gabriele"]
[Black "Gorelli Fagiolini, Marco"]
[WhiteElo "2102"]
[BlackElo "2183"]
[Result "0-1"]
[PlyCount "80"]
[EventDate "2008.08.31"]

1. e4 e6 2. d4 d5 3. Nd2 c5 4. exd5 exd5 5. Ngf3 Nf6 6. Bb5+ Bd7 7. Be2 Nc6 8.
dxc5 Bxc5 9. O-O h6 10. Nb3 Bb6 11. Bf4 O-O 12. Nfd4 a5 13. a4 Re8 14. Nb5 Ne5
15. N5d4 Ng6 16. Bg3 Ne4 17. Bd3 Nxg3 18. hxg3 Qf6 19. Bxg6 Qxg6 20. Qf3 Re4
21. Qd3 Rxd4 22. Qxg6 fxg6 23. Nxd4 Bxd4 24. c3 Bf6 25. Rfd1 Bc6 26. Kf1 Re8
27. Rd2 Re4 28. f3 Rc4 29. Ra2 Kf7 30. Ke2 Ke6 31. Rd1 Rxa4 32. Rxa4 Bxa4 33.
Ra1 Bb5+ 34. Ke3 b6 35. Rc1 Kd6 36. b3 Kc5 37. Kd2 a4 38. bxa4 Bxa4 39. Kd3
Bb5+ 40. Ke3 Bc4 0-1

[Event "L Festival A"]
[Site "Imperia ITA"]
[Date "2008.09.06"]
[Round "8"]
[White "Sanchez, Joseph"]
[Black "Arata, Roberto Mario"]
[WhiteElo "2486"]
[BlackElo "2178"]
[Result "1-0"]
[PlyCount "47"]
[EventDate "2008.08.31"]

1. e4 e5 2. Nf3 Nc6 3. Nc3 Nf6 4. Bb5 Bc5 5. Nxe5 Bxf2+ 6. Kxf2 Nxe5 7. d4 Ng6
8. e5 c6 9. Bd3 Nd5 10. Nxd5 cxd5 11. h4 d6 12. h5 Nf8 13. h6 g6 14. exd6 Qxd6
15. Qf3 f6 16. Bf4 Qd8 17. c4 Ne6 18. cxd5 Nxf4 19. Qxf4 Qxd5 20. Rhe1+ Kf8 21.
Rac1 Bf5 22. Bxf5 gxf5 23. Qc7 Qf7 24. Qc8+ 1-0

[Event "L Festival A"]
[Site "Imperia ITA"]
[Date "2008.09.06"]
[Round "8"]
[White "Spatola, Davide"]
[Black "Gardini, Enrico"]
[WhiteElo "2051"]
[BlackElo "1896"]
[Result "1/2-1/2"]
[PlyCount "61"]
[EventDate "2008.08.31"]

1. Nf3 Nf6 2. g3 b6 3. Bg2 Bb7 4. b3 d5 5. Bb2 e6 6. d3 Be7 7. Nbd2 O-O 8. O-O
c5 9. Ne5 Nbd7 10. Nxd7 Qxd7 11. e4 dxe4 12. dxe4 Rad8 13. Bc1 Qd4 14. Rb1 Nxe4
15. Qf3 Nxd2 16. Qxb7 Rd7 17. Bb2 Nxb1 18. Bxd4 Rxb7 19. Bxb7 cxd4 20. Rxb1 Bb4
21. f3 Rd8 22. Ba6 Bc3 23. Kg2 Rd5 24. Bd3 h6 25. f4 Kf8 26. a4 Ke7 27. Rf1 f6
28. Rf2 Rd7 29. Re2 Kd6 30. Kf3 e5 31. f5 1/2-1/2

[Event "L Festival A"]
[Site "Imperia ITA"]
[Date "2008.09.06"]
[Round "8"]
[White "Stella, Andrea"]
[Black "Sulava, Nenad"]
[WhiteElo "2209"]
[BlackElo "2492"]
[Result "0-1"]
[PlyCount "46"]
[EventDate "2008.08.31"]

1. d4 Nf6 2. c4 Nc6 3. Nf3 e6 4. a3 d5 5. Nc3 a6 6. cxd5 exd5 7. Bg5 Be7 8. Ne5
O-O 9. Nxc6 bxc6 10. e3 Rb8 11. Qc2 c5 12. dxc5 h6 13. Bf4 Bxc5 14. Rd1 Bd6 15.
Nxd5 g5 16. Bg3 Nxd5 17. Bc4 c6 18. e4 Bxg3 19. hxg3 Qf6 20. Rd2 Bd7 21. e5
Qxe5+ 22. Re2 Qf6 23. O-O Bf5 0-1

[Event "L Festival A"]
[Site "Imperia ITA"]
[Date "2008.09.06"]
[Round "8"]
[White "Stoppa, Omar"]
[Black "Pepino, Enrico"]
[WhiteElo "2230"]
[BlackElo "2119"]
[Result "1-0"]
[PlyCount "73"]
[EventDate "2008.08.31"]

1. e4 c5 2. Nf3 d6 3. d4 cxd4 4. Nxd4 Nf6 5. Nc3 g6 6. Be3 Bg7 7. f3 O-O 8. Bc4
Nc6 9. Qd2 Bd7 10. O-O-O Rc8 11. Bb3 Ne5 12. h4 Nc4 13. Bxc4 Rxc4 14. h5 Nxh5
15. g4 Nf6 16. Nde2 Re8 17. Rh4 Qa5 18. Kb1 Rec8 19. Bd4 Be6 20. a3 Qa6 21.
Rdh1 Kf8 22. Qe3 Ke8 23. g5 Nh5 24. Bxg7 Nxg7 25. Rxh7 Nh5 26. f4 Bg4 27. Rh8+
Kd7 28. Rxc8 Rxc8 29. Nd4 e5 30. fxe5 dxe5 31. Ndb5 Qb6 32. Qd3+ Ke8 33. Nd6+
Kf8 34. Nxc8 Bxc8 35. Nd5 Qf2 36. Nf6 Nxf6 37. Qd6+ 1-0

[Event "L Festival A"]
[Site "Imperia ITA"]
[Date "2008.09.06"]
[Round "8"]
[White "Valsecchi, Alessio"]
[Black "Piasetski, Leon David"]
[WhiteElo "2298"]
[BlackElo "2314"]
[Result "1-0"]
[PlyCount "91"]
[EventDate "2008.08.31"]

1. e4 d5 2. exd5 Nf6 3. c4 c6 4. d4 cxd5 5. Nc3 e6 6. a3 Be7 7. Nf3 O-O 8. Bd3
dxc4 9. Bxc4 Nbd7 10. O-O Nb6 11. Bb3 Bd7 12. Ne5 Bc6 13. Re1 Bd5 14. Bc2 Rc8
15. Qd3 Re8 16. Qh3 g6 17. Nxd5 exd5 18. Bd3 Bf8 19. Bg5 Qd6 20. Re3 Ne4 21.
Nxf7 Qe6 22. Nh6+ Kh8 23. Qxe6 Rxe6 24. Bf4 Bg7 25. Be5 Rf8 26. Ng4 h5 27. Bxe4
dxe4 28. Rxe4 Rfe8 29. Bxg7+ Kxg7 30. Rxe6 Rxe6 31. Ne3 Rc6 32. g3 Kf7 33. Re1
Na4 34. Re2 Rc1+ 35. Kg2 Rb1 36. Nc4 Kf6 37. d5 b5 38. Nd6 Rxb2 39. Re6+ Kg7
40. Ne4 Nb6 41. d6 Re2 42. Kf1 Ra2 43. d7 Nxd7 44. Re7+ Kf8 45. Rxd7 Rxa3 46.
Rb7 1-0

[Event "L Festival A"]
[Site "Imperia ITA"]
[Date "2008.09.06"]
[Round "8"]
[White "Vitak, Pavel"]
[Black "Simacek, Pavel"]
[WhiteElo "2187"]
[BlackElo "2470"]
[Result "0-1"]
[PlyCount "54"]
[EventDate "2008.08.31"]

1. e4 e5 2. Nf3 Nc6 3. Bb5 a6 4. Bxc6 dxc6 5. O-O f6 6. d4 Bg4 7. c3 Bd6 8. h3
Bh5 9. Be3 Qe7 10. Nbd2 exd4 11. cxd4 O-O-O 12. Qb3 Re8 13. d5 cxd5 14. exd5
Qd7 15. Qd3 Ne7 16. Qd4 Nxd5 17. Qa7 c6 18. Nc4 Bb8 19. Qa8 Bxf3 20. Bf4 Re5
21. gxf3 Qc7 22. Bxe5 fxe5 23. Rfd1 e4 24. f4 Rd8 25. Ne5 Nxf4 26. Rxd8+ Qxd8
27. Nf7 Qd5 0-1

[Event "L Festival A"]
[Site "Imperia ITA"]
[Date "2008.09.07"]
[Round "9"]
[White "Ahner, Thomas"]
[Black "Blasco, Domenico"]
[WhiteElo "2144"]
[BlackElo "2015"]
[Result "1-0"]
[PlyCount "75"]
[EventDate "2008.08.31"]

1. e4 g6 2. d4 Bg7 3. Nc3 d6 4. f4 a6 5. Be3 b5 6. Bd3 Nd7 7. Nce2 Bb7 8. Nf3
c5 9. c3 Ngf6 10. e5 Nd5 11. Bf2 cxd4 12. Bxd4 dxe5 13. fxe5 e6 14. Qd2 h5 15.
Ng3 Qc7 16. O-O Nxe5 17. Nxe5 Bxe5 18. Bxe5 Qxe5 19. Rae1 Qc7 20. Qg5 Qe7 21.
Qe5 O-O-O 22. c4 Nb4 23. Be4 h4 24. cxb5 Qd6 25. Bxb7+ Kxb7 26. Rxf7+ Ka8 27.
Qxd6 Rxd6 28. Ne4 Rd4 29. bxa6 Nxa6 30. Nc3 Nc5 31. Rc7 Nd3 32. Rxe6 Nxb2 33.
Ree7 Nc4 34. Red7 Rxd7 35. Rxd7 h3 36. Nd5 hxg2 37. Ne7 g5 38. Nc6 1-0